000 00331nam a2200133Ia 4500
008 240624s9999 xx 000 0 und d
041 _aeng
082 _a650.144 AND
100 _aANDREWS SUDHIR
245 _aHOW TO SUCCEED AT INTERVIEWS
260 _c2004
_aNew Delhi
_bTata McGrawhill
300 _a91 : p. : cm. ; 18
365 _cRS
999 _c721
_d721